Biblioteca y Centro de Documentación

Convenio de colaboración entre el Ministerio de Obras Públicas, Transportes y Medio Ambiente (M.O.P.T.M.A.), el Ministerio de Industria y Energía (M.I.N.E.R) y el Instituto de Crédito Oficial (I.C.O.) para la mejora del medio ambiente a través de una línea de crédito (Registro nro. 3090)

Detalles MARC
000 -CABECERA
Longitud fija campo de control 01299nam a2200325 c 4500
001 - NÚMERO DE CONTROL
Número de control 3090
003 - IDENTIFICADOR DE NÚMERO DE CONTROL
Identificador del número de control ES-MaCES
005 - FECHA Y HORA DE LA ÚLTIMA TRANSACCIÓN
Fecha y hora de la última transacción 20150929124556.0
008 - CAMPO FIJO DE DESCRIPCIÓN FIJA--INFORMACIÓN GENERAL
Códigos de información de longitud fija   950621s1995 sp ||| | spa d
035 ## - NÚMERO DE CONTROL DEL SISTEMA
Número de control del sistema CES19980031138m
040 ## - FUENTE DE CATALOGACIÓN
Centro catalogador de origen ES-MaCES
Lengua de catalogación spa
Centro transcriptor ES-MaCES
110 1# - ENCABEZAMIENTO PRINCIPAL--NOMBRE CORPORATIVO
Nombre de entidad corporativa o nombre de jurisdicción como elemento inicial España
Unidad subordinada Ministerio de Obras Públicas, Transportes y Medio Ambiente
9 (RLIN) 3261
245 10 - MENCIÓN DE TÍTULO
Título Convenio de colaboración entre el Ministerio de Obras Públicas, Transportes y Medio Ambiente (M.O.P.T.M.A.), el Ministerio de Industria y Energía (M.I.N.E.R) y el Instituto de Crédito Oficial (I.C.O.) para la mejora del medio ambiente a través de una línea de crédito
260 ## - PUBLICACIÓN, DISTRIBUCIÓN, ETC (PIE DE IMPRENTA)
Lugar de publicación, distribución, etc. [Madrid?]
Nombre del editor, distribuidor, etc. [s.n.]
Fecha de publicación, distribución, etc. 1995
300 ## - DESCRIPCIÓN FÍSICA
Extensión 23 h.
Dimensiones 30 cm
500 ## - NOTA GENERAL
Nota general Fotocopia
541 ## - NOTA DE LA FUENTE INMEDIANTE DE ADQUISICIÓN
Forma de adquisición Gratuito
610 24 - ASIENTO SECUNDARIO DE MATERIA--NOMBRE CORPORATIVO
Nombre de entidad corporativa o nombre de jurisdicción como elemento inicial Instituto de Crédito Oficial (España)
9 (RLIN) 4133
650 #4 - ASIENTO SECUNDARIO DE MATERIA--TÉRMINO DE MATERIA
Término de materia o nombre geográfico como elemento inicial conservación de la naturaleza
9 (RLIN) 28754
650 #4 - ASIENTO SECUNDARIO DE MATERIA--TÉRMINO DE MATERIA
Término de materia o nombre geográfico como elemento inicial protección ambiental
9 (RLIN) 29423
650 #4 - ASIENTO SECUNDARIO DE MATERIA--TÉRMINO DE MATERIA
Término de materia o nombre geográfico como elemento inicial política ambiental
9 (RLIN) 29422
653 10 - TÉRMINO DE INDEXACIÓN--NO CONTROLADO
Término no controlado Medio ambiente
650 #4 - ASIENTO SECUNDARIO DE MATERIA--TÉRMINO DE MATERIA
9 (RLIN) 28078
Término de materia o nombre geográfico como elemento inicial ayuda estatal
650 #4 - ASIENTO SECUNDARIO DE MATERIA--TÉRMINO DE MATERIA
9 (RLIN) 28107
Término de materia o nombre geográfico como elemento inicial crédito
710 1# - ENCABEZAMIENTO SECUNDARIO--NOMBRE CORPORATIVO
Nombre de entidad o nombre de jurisdicción como elemento inicial España
Unidad subordinada Ministerio de Industria y Energía
9 (RLIN) 3250
710 2# - ENCABEZAMIENTO SECUNDARIO--NOMBRE CORPORATIVO
Nombre de entidad o nombre de jurisdicción como elemento inicial Instituto de Crédito Oficial (España)
9 (RLIN) 4133
902 ## - CES. TIPO DE DOCUMENTO
Tipodoc (006$c Sirtex) DOC Literatura gris
942 ## - ELEMENTOS KOHA
Fuente de clasificaión o esquema Clasificación propia del CES
Koha [por defecto] tipo de item Monografías
Parte de clasificación 4.2.
Existencias
Número de registro Signatura completa Tipo de item de Koha
009288 DOC-4.2.-5 Monografías
© CES, Consejo Económico y Social de España 2021